Формирование оксида железа (III) из пленкообразующих растворов; Химия и химическая технология в XXI веке; Т. 1

Библиографические подробности
Источник:Химия и химическая технология в XXI веке: материалы XII Всероссийской научно-практической конференции студентов и молодых ученых с международным участием, Томск, 11-13 мая 2011 г./ Национальный исследовательский Томский политехнический университет (ТПУ), Институт природных ресурсов (ИПР).— , 2011
Т. 1.— 2011.— [С. 104-105]
Главный автор: Сенокосова И. А.
Другие авторы: Кузнецова С. А. (научный руководитель)
Примечания:Заглавие с титульного листа
Электронная версия печатной публикации
Язык:русский
Опубликовано: 2011
Серии:Секция 1. Химия и химическая технология неорганических веществ и материалов
Предметы:
Online-ссылка:http://www.lib.tpu.ru/fulltext/v/Conferences/2011/C5/C5a54.pdf
Формат: MixedMaterials Электронный ресурс Статья
Запись в KOHA:https://koha.lib.tpu.ru/cgi-bin/koha/opac-detail.pl?biblionumber=208500

MARC

LEADER 00000naa2a2200000 4500
001 208500
005 20260218163347.0
035 |a (RuTPU)RU\TPU\book\227661 
035 |a RU\TPU\book\227659 
090 |a 208500 
100 |a 20120203d2011 k y0rusy50 ca 
101 0 |a rus 
102 |a RU 
135 |a drnn ---uucaa 
181 0 |a i  
182 0 |a b 
200 1 |a Формирование оксида железа (III) из пленкообразующих растворов  |f И. А. Сенокосова  |g науч. рук. С. А. Кузнецова 
203 |a Текст  |c электронный 
215 |a 1 файл (459 Кб) 
225 1 |a Секция 1. Химия и химическая технология неорганических веществ и материалов 
300 |a Заглавие с титульного листа 
300 |a Электронная версия печатной публикации 
320 |a [Библиогр.: с. 105 (3 назв.)] 
337 |a Adobe Reader 
461 1 |0 (RuTPU)RU\TPU\book\218704  |t Химия и химическая технология в XXI веке  |o материалы XII Всероссийской научно-практической конференции студентов и молодых ученых с международным участием, Томск, 11-13 мая 2011 г.  |o в 2 т.  |f Национальный исследовательский Томский политехнический университет (ТПУ), Институт природных ресурсов (ИПР)  |d 2011 
463 1 |0 (RuTPU)RU\TPU\book\218882  |t Т. 1  |v [С. 104-105]  |d 2011 
610 1 |a железо 
610 1 |a оксид железа 
610 1 |a формирование 
610 1 |a пленкообразующие растворы 
610 1 |a термическая деструкция 
610 1 |a электронный ресурс 
700 1 |a Сенокосова  |b И. А. 
702 1 |a Кузнецова  |b С. А.  |4 727 
801 1 |a RU  |b 63413507  |c 20120118 
801 2 |a RU  |b 63413507  |c 20130218  |g RCR 
856 4 |u http://www.lib.tpu.ru/fulltext/v/Conferences/2011/C5/C5a54.pdf 
942 |c CF